Geography Quiz

Random Geography or State Quiz

Letters in US State names not shared by neighbors. Quiz Stats

 Plays Quiz not verified by Sporcle

Challenge
Share
Tweet
Score 0/50 Timer 20:00
0 Plays Today
% Correct
Lou
83.3%
V
77.8%
Alaska
72.2%
Clf
72.2%
v
72.2%
z
72.2%
Ut
72.2%
w
72.2%
T
72.2%
Me
72.2%
?
72.2%
b
72.2%
?
72.2%
?
72.2%
W
72.2%
k
72.2%
?
72.2%
Hawaii
66.7%
Wst
66.7%
?
66.7%
?
66.7%
h
66.7%
eb
66.7%
u
66.7%
r
66.7%
% Correct
?
66.7%
Gg
66.7%
Su
66.7%
J
66.7%
?
66.7%
?
61.1%
?
61.1%
?
61.1%
Fd
61.1%
?
61.1%
P
61.1%
Oo
61.1%
d
61.1%
?
61.1%
mg
61.1%
?
61.1%
Wyg
55.6%
d
55.6%
pp
55.6%
ll
55.6%
Rd ld
55.6%
w p
55.6%
M
50%
?
50%
Kcky
44.4%

You're not logged in!

Compare scores with friends on all Sporcle quizzes.
OR
Log In

You Might Also Like...

Show Comments

Extras

Top Quizzes Today


Score Distribution

Your Account Isn't Verified!

In order to create a playlist on Sporcle, you need to verify the email address you used during registration. Go to your Sporcle Settings to finish the process.

Report this User

Report this user for behavior that violates our Community Guidelines.

Details: